Denying the Holocaust : (Record no. 31458)

MARC details
000 -LEADER
campo de control de longitud fija 02115cam a2200385Mu 4500
001 - NÚMERO DE CONTROL
campo de control 79073
003 - IDENTIFICADOR DE NÚMERO DE CONTROL
campo de control BJBSDDR
005 - FECHA Y HORA DE LA ÚLTIMA TRANSACCIÓN
campo de control 20250806125833.0
007 - CAMPO FIJO DE DESCRIPCIÓN FÍSICA--INFORMACIÓN GENERAL
campo de control de longitud fija ta
008 - DATOS DE LONGITUD FIJA--INFORMACIÓN GENERAL
campo de control de longitud fija 050822s1994 nyu b 001 0 eng d
020 ## - NÚMERO INTERNACIONAL ESTÁNDAR DEL LIBRO
Número Internacional Estándar del Libro 0452272742
020 ## - NÚMERO INTERNACIONAL ESTÁNDAR DEL LIBRO
Número Internacional Estándar del Libro 9780452272743
035 ## - NÚMERO DE CONTROL DEL SISTEMA
Número de control de sistema (OCoLC)ocn223174296
035 ## - NÚMERO DE CONTROL DEL SISTEMA
Número de control de sistema (OCoLC)223174296
040 ## - FUENTE DE CATALOGACIÓN
Centro catalogador/agencia de origen KIJ
Centro/agencia transcriptor KIJ
Centro/agencia modificador K6U
Lengua de catalogación eng
041 ## - CÓDIGO DE IDIOMA
Código de lengua del texto/banda sonora o título independiente eng
050 14 - SIGNATURA TOPOGRÁFICA DE LA BIBLIOTECA DEL CONGRESO
Número de clasificación D 804.35
Número de ítem L767d 1994
082 00 - NÚMERO DE LA CLASIFICACIÓN DECIMAL DEWEY
Número de clasificación 940.53 18
100 1# - ENTRADA PRINCIPAL--NOMBRE DE PERSONA
Nombre de persona Lipstadt, Deborah E.
Forma completa/desarrollada del nombre (Deborah Esther),
Fechas asociadas al nombre 1947-
9 (RLIN) 42852
245 10 - MENCIÓN DEL TÍTULO
Título Denying the Holocaust :
Resto del título the growing assault on truth and memory /
Mención de responsabilidad, etc. Deborah E. Lipstadt ; with a new preface by the author.
260 ## - PUBLICACIÓN, DISTRIBUCIÓN, ETC.
Lugar de publicación, distribución, etc. New York, N.Y. :
Nombre del editor, distribuidor, etc. Plume Book,
Fecha de publicación, distribución, etc. 1994.
300 ## - DESCRIPCIÓN FÍSICA
Extensión xxi, 278 pages ;
Dimensiones 23 cm.
500 ## - NOTA GENERAL
Nota general Originally published: New York: Free Press c1993.
501 ## - NOTA DE CON
Nota de "Con" " This book is a research project of The Vidal Sassoon International Center for the Study of Antisemitism of The Hebrew University of Jerusalem."
504 ## - NOTA DE BIBLIOGRAFÍA, ETC.
Nota de bibliografía, etc. Includes bibliographical references (pages 237-271) and index.
505 0# - NOTA DE CONTENIDO CON FORMATO
Nota de contenido con formato Canaries in the mine: holocaust denial and the limited power of reason, p.1 -- The antecedents: history, conspiracy, and fantasy, p.31 -- In the shadow of world war II: denial's inicial steps, p.49 -- The first stirrings of denial in America, p.65 -- Austin J. App: the world of inmoral equivalencies, p.85 -- Denial: A tool of the radical right, p.103 -- Entering the mainstream: the case of arthur Butz, p.123 -- The institute for historical review, p.137 -- The gas chamber controversy, p.157 -- The battle for the campus, p.183 -- Watching on the rhine: the future course of holocaust denial, p.209
650 #0 - PUNTO DE ACCESO ADICIONAL DE MATERIA--TÉRMINO DE MATERIA
Término de materia o nombre geográfico como elemento de entrada Holocaust, Jewish (1939-1945)
Subdivisión general Errors, inventions, etc.
650 #4 - PUNTO DE ACCESO ADICIONAL DE MATERIA--TÉRMINO DE MATERIA
Término de materia o nombre geográfico como elemento de entrada Holocausto judío (1939-1945)
9 (RLIN) 235
650 #0 - PUNTO DE ACCESO ADICIONAL DE MATERIA--TÉRMINO DE MATERIA
Término de materia o nombre geográfico como elemento de entrada Antisemitism
Subdivisión geográfica United States
Subdivisión general History
Subdivisión cronológica 20th century.
650 #4 - PUNTO DE ACCESO ADICIONAL DE MATERIA--TÉRMINO DE MATERIA
Término de materia o nombre geográfico como elemento de entrada Antisemitismo
Subdivisión geográfica Estados Unidos
Subdivisión general Historia
Subdivisión cronológica Siglo XX
9 (RLIN) 5391
650 #0 - PUNTO DE ACCESO ADICIONAL DE MATERIA--TÉRMINO DE MATERIA
Término de materia o nombre geográfico como elemento de entrada Holocaust, Jewish (1939-1945)
Subdivisión general Historiography.
650 #4 - PUNTO DE ACCESO ADICIONAL DE MATERIA--TÉRMINO DE MATERIA
Término de materia o nombre geográfico como elemento de entrada Holocausto judío (1939-1945)
Subdivisión general Historiografía
9 (RLIN) 30311
942 ## - ELEMENTOS DE ENTRADA SECUNDARIOS (KOHA)
Fuente del sistema de clasificación o colocación Clasificación de Library of Congress
Tipo de ítem Koha Libro
946 ## - PROCESAMIENTO DE INFORMACIÓN LOCAL (OCLC)
a mjcruz
Holdings
Estatus retirado Estado de pérdida Fuente del sistema de clasificación o colocación Estado de daño No para préstamo Colección Biblioteca de origen Biblioteca actual Ubicación en estantería Fecha de adquisición Signatura topográfica completa Código de barras Visto por última vez Copia número Tipo de ítem Koha
    Clasificación de Library of Congress     Recursos Regionales Biblioteca Juan Bosch Biblioteca Juan Bosch Recursos Regionales (2do. Piso) 10/04/2023 D 804.35 L767d 1994 00000069214 23/10/2018 1 Libro